| 000 | 01154nam a22002537a 4500 | ||
|---|---|---|---|
| 005 | 20170124103155.0 | ||
| 010 | _aB-236194 | ||
| 020 |
_c300.00 _a8181435427 |
||
| 035 | _aB-236194 | ||
| 037 | _bCen Lib/Ret | ||
| 040 |
_aDPL _bHN |
||
| 082 |
_a791.4373 _bब्रहात्म |
||
| 100 |
_aब्रहात्मज, अजय _97895 |
||
| 245 |
_aसिनेमा समकालीन सिनेमा / _cअजय ब्रहात्मज |
||
| 246 |
_aCinema samkaleen cinema / _bby Ajay Brahtamaj |
||
| 260 |
_aनयी दिल्ली _bवाणी प्रकाशन _c2006 |
||
| 270 |
_bनयी दिल्ली _a21-ए, दरियागंज _e110002 |
||
| 300 |
_a256पृ. _c20सेमी(सजिल्द) |
||
| 650 |
_aचलचित्र उद्योग - भारत - इतिहास और आलोचना _989371 |
||
| 650 |
_aचलचित्र उद्योग _9239 |
||
| 650 |
_aMotion picture industry -- India -- History and criticism _989372 |
||
| 650 |
_aMotion picture industry _923817 |
||
| 942 |
_2ddc _cHN _h791.4373 _mब्रहात्म |
||
| 999 |
_c120257 _d120257 |
||